Rise of the Hyksos : Egypt and the Levant from the Middle Kingdom to the early Second Intermediate Period /
Main Author:
Format: Book
Language: English
Published:
Oxford :
Archaeopress,
2015.
Series:
Archaeopress Egyptology ;
11.
ArchEgy ;
11.
Subjects:
Tags: Add Tag
Call Number: DT57 .A7 v.11
| LEADER | 01060namaa2200313 4500 | ||
|---|---|---|---|
| 003 | OSt | ||
| 005 | 20260428084053.0 | ||
| 008 | 160218s2015 enkad b 000 0 eng d | ||
| 020 | |a 178491133X (paperback) | ||
| 020 | |a 9781784911331 (paperback) | ||
| 020 | |z 9781784911348 (PDF) | ||
| 040 | |c ARCE Library | ||
| 043 | |a f-ua--- | ||
| 050 | 4 | |a DT57 .A7 v.11 | |
| 100 | 1 | |a Mourad, Anna-Latifa, |e author | |
| 245 | 1 | 0 | |a Rise of the Hyksos : |b Egypt and the Levant from the Middle Kingdom to the early Second Intermediate Period / |c Anna-Latifa Mourad. |
| 264 | 1 | |a Oxford : |b Archaeopress, |c 2015. | |
| 300 | |a xiv, 310 pages : |b illustrations (some color), charts ; |c 30 cm. | ||
| 490 | 1 | |a Archaeopress Egyptology ; |v 11. | |
| 490 | 1 | |a ArchEgy ; |v 11. | |
| 504 | |a Includes bibliographical references (pages 219-260) | ||
| 650 | 0 | |a Hyksos. | |
| 651 | 0 | |a Egypt |x History |y To 332 B.C. | |
| 651 | 0 | |a Middle East |x History |y To 622. | |
| 830 | 0 | |a Archaeopress Egyptology ; |v 11. | |
| 830 | 0 | |a ArchEgy ; |v 11. | |
| 901 | |a reviewed | ||
| 942 | |c BK |2 lcc | ||
| 999 | |c 2229 |d 2229 | ||
